| 000 | 00000nam 2200000zi 4500 |
| 001 | 9.935469 |
| 003 | CaOODSP |
| 005 | 20240416105740 |
| 006 | m o d f |
| 007 | cr mn||||||||| |
| 008 | 240314s2020 onc o f000 0 eng d |
| 040 | |aCaOODSP|beng|erda|cCaOODSP |
| 043 | |an-cn--- |
| 045 | |ay1y2 |
| 086 | 1 |aCR22-131/2020E-PDF |
| 245 | 00|aSSHRC in numbers. |
| 264 | 1|a[Ottawa] : |bSocial Sciences and Humanities Research Council of Canada = Conseil de recherches en sciences humaines du Canada, |c[2020] |
| 300 | |a1 online resource (1 page) |
| 336 | |atext|btxt|2rdacontent |
| 337 | |acomputer|bc|2rdamedia |
| 338 | |aonline resource|bcr|2rdacarrier |
| 500 | |aIssued also in French under title: Le CRSH en chiffres. |
| 500 | |a"In fiscal year 2019-20, SSHRC: …" |
| 610 | 20|aSocial Sciences and Humanities Research Council of Canada. |
| 655 | 7|aInfographics|2lcgft |
| 710 | 2 |aSocial Sciences and Humanities Research Council of Canada, |eissuing body. |
| 775 | 08|tLe CRSH en chiffres.|w(CaOODSP)9.936855 |
| 856 | 40|qPDF|s125 KB|uhttps://publications.gc.ca/collections/collection_2024/crsh-sshrc/CR22-131-2020-eng.pdf |